| Tag |
First Indicator |
Second Indicator |
Subfields |
| LEADER |
00000pam a2200000 a 4500 |
| 001 |
in00000051090 |
| 005 |
20151007080153.0 |
| 008 |
810430s1981 ilua b 00110 eng |
| 010 |
|
|
|a 81005601
|
| 020 |
|
|
|a 0398045461 (pbk.)
|
| 035 |
|
|
|a (OCoLC)07554441
|
| 035 |
|
|
|9 AAF4357AM
|
| 040 |
|
|
|a DLC
|c DLC
|d TXA
|d UtOrBLW
|
| 049 |
|
|
|a TXAM
|c [1673374]
|
| 050 |
0 |
0 |
|a HV3004
|b .M65
|
| 082 |
0 |
|
|a 616.85/8806
|2 19
|
| 100 |
1 |
|
|a Moxley, David
|q (David P.)
|
| 245 |
1 |
0 |
|a Socialization games for mentally retarded adolescents and adults /
|c by David Moxley, Nevalyn Nevil, Barbara Edmondson.
|
| 264 |
|
1 |
|a Springfield, Ill. :
|b C.C. Thomas,
|c [1981]
|
| 264 |
|
4 |
|c ©1981
|
| 300 |
|
|
|a xi, 118 pages : illustrations ;
|c 23 cm.
|
| 336 |
|
|
|a text
|b txt
|2 rdacontent
|
| 337 |
|
|
|a unmediated
|b n
|2 rdamedia
|
| 338 |
|
|
|a volume
|b nc
|2 rdacarrier
|
| 500 |
|
|
|a Includes index.
|
| 504 |
|
|
|a Bibliography: page 116.
|
| 650 |
|
0 |
|a People with mental disabilities
|x Rehabilitation.
|
| 650 |
|
0 |
|a Socialization
|x Study and teaching.
|
| 650 |
|
0 |
|a Educational games.
|
| 700 |
1 |
|
|a Nevil, Nevalyn.
|
| 700 |
1 |
|
|a Edmonson, Barbara,
|d 1912-
|
| 999 |
|
|
|a MARS
|
| 999 |
f |
f |
|s 788cc83b-56f3-3c89-8c39-12d4d84797b3
|i 6858a543-54a7-327f-af46-f0397a170ad5
|t 0
|
| 952 |
f |
f |
|p ric
|a Texas A&M University
|b Rellis Campus
|c Joint Library Facility
|d Remote Storage
|t 0
|e HV3004 .M65
|h Library of Congress classification
|i unmediated -- volume
|m A14805942628
|
| 998 |
f |
f |
|a HV3004 .M65
|t 0
|l Remote Storage
|